000 004610000a22001810004500
003 MACL
005 20151217142151.0
008 151217b xxu||||| |||| 00| 0 eng d
040 _aMACL
_cMACL
041 _aEnglish
082 _a030/SUR
100 _aSuri, R K
_920763
245 _aInformation Technology Laws
_bIT Encyclopaedia.Com Vol 9
260 _bPentagon Press
_c2001
350 _a825
650 _aEncyclopaedia
_920775
942 _cBK
_k030/SUR
_2ddc
999 _c40048
_d40048